000 00421nam a2200169Ia 4500
008 210210b1998 xxu||||| |||| 00| 0 eng d
082 _a820.4 COMC
100 _aCOMPETITION SUCCESS REVIEW
245 _aEssays for juniors
260 _aN D
_bSudha Publications Pvt Ltd.,
_c1998
300 _avii,176
650 _ajuniors
650 _afor
650 _aEssays
690 _aIndian English Prose
906 _a052811
999 _c101253
_d101253